00527nam a2200121Ia 4500008004100000100002000041245017500061245001900236260003200255260001400287650001200301856009200313160809s9999 xx 000 0 und d aAnchala, Mercy. 2aA Study to Assess the Effect of Therapeutic Positions on Hemodynamic Parameters among Critically Ill Patients in the Intensive Care Unit at Sri Ramachandra Medical Centre cMercy Anchala. bJournal of Nursing and Care cJuly 2016 xNURSING uhttp://www.omicsgroup.org/journals/ArchiveJNC/currentissue-nursing-care-open-access.php